Les 50 plus gros transferts de l'histoire du football - Statistiques

Statistiques générales
  • Ce quiz a été pris 185 fois
  • Le résultat moyen est 30 sur 50
Statistiques - réponses
De Vers Saison Montant (M €) Joueur % Correct
AS Monaco Paris SG 18/19 180,00 Kylian Mbappé
100%
FC Barcelone Paris SG 17/18 222,00 Neymar JR
100%
Atlético Madrid FC Barcelone 19/20 130,00 Antoine Griezmann
92%
Borussia Dortmund FC Barcelone 17/18 135,00 Ousmane Dembélé
92%
Liverpool FC Barcelone 17/18 135,00 Philippe Coutinho
91%
Real Madrid Juventus Turin 18/19 117,00 Cristiano Ronaldo
90%
SL Benfica Atlético Madrid 19/20 127,20 João Félix
86%
Tottenham Real Madrid 13/14 101,00 Gareth Bale
85%
Aston Villa Manchester City 21/22 117,50 Jack Grealish
85%
Borussia Dortmund Real Madrid 23/24 113,00 Jude Bellingham
85%
Tottenham Bayern Munich 23/24 95,00 Harry Kane
84%
West Ham Arsenal 23/24 116,60 Declan Rice
83%
Santos FC Barcelone 13/14 88,00 Neymar JR
82%
Chelsea Real Madrid 19/20 120,80 Eden Hazard
81%
Paris SG Al-Hilal 23/24 90,00 Neymar JR
81%
Eintracht Francfort Paris SG 23/24 95,00 Randal Kolo-Muani
81%
Manchester United Real Madrid 09/10 94,00 Cristiano Ronaldo
78%
Juventus Turin Manchester United 16/17 105,00 Paul Pogba
78%
Ajax FC Barcelone 19/20 86,00 Frenkie de Jong
76%
Inter Chelsea 21/22 113,00 Romelu Lukaku
74%
SL Benfica Chelsea 22/23 121,00 Enzo Fernandez
73%
Ajax Manchester United 22/23 95,00 Antony
69%
Ajax Juventus Turin 19/20 85,50 Matthijs de Ligt
68%
Brighton Chelsea 23/24 116,00 Moisés Caicedo
68%
Leicester City Manchester United 19/20 87,00 Harry Maguire
65%
RB Leipzig Manchester City 23/24 90,00 Josko Gvardiol
64%
SL Benfica Liverpool 22/23 85,00 Darwin Nuñez
63%
Napoli Juventus Turin 16/17 90,00 Gonzalo Higuain
63%
Southampton Liverpool 17/18 84,65 Virgil Van Dijk
56%
Borussia Dortmund Manchester United 21/22 85,00 Jadon Sancho
54%
As Monaco Real Madrid 22/23 80,00 Aurélien Tchouaméni
48%
Fiorentina Juventus Turin 21/22 83,50 Dušan Vlahović
44%
LOSC Lille Arsenal 19/20 80,00 Nicolas Pépé
44%
FC Barcelone Juventus Turin 20/21 80,60 Arthur Melo
43%
Liverpool FC Barcelone 14/15 81,72 Luis Suarez
41%
Atletico Madrid Bayern Munich 19/20 80,00 Lucas Hernandez
38%
FC Everton Manchester United 17/18 84,70 Romelu Lukaku
38%
Bayer Leverkusen Chelsea 20/21 80,00 Kai Havertz
35%
Leicester City Chelsea 22/23 80,40 Wesley Fofana
35%
Juventus Turin Real Madrid 01/02 77,50 Zinédine Zidane
34%
VFL Wolfsburg Manchester City 15/16 76,00 Kevin de Bruyne
33%
Athletic Club Chelsea 18/19 80,00 Kepa Arrizabalaga
31%
LOSC Lille Napoli 20/21 77,50 Victor Osimhen
31%
Manchester City Atletico Madrid 24/25 75,00 Julian Alvarez
27%
Eintracht Francfort Manchester City 24/25 75,00 Omar Marmoush
24%
Aston Villa Al-Nassr 24/25 77,00 Jhon Duran
22%
AS Monaco Real Madrid 14/15 75,00 James Rodriguez
20%
Chelsea Arsenal 23/24 75,00 Kai Havertz
19%
Real Madrid Manchester United 14/15 75,00 Angel Di Maria
18%
Manchester United Inter 19/20 74,00 Romelu Lukaku
17%
Aucun quiz correspondant
Distribution des résultats
% des personnes avec chaque résultat
Percentile par nombre de réponses
Votre historique - résultats
Vous n’avez pas pris ce quiz